Normal view MARC view

Entry Topical Term

Number of records used in: 1

001 - CONTROL NUMBER

  • control field: 63253

003 - CONTROL NUMBER IDENTIFIER

  • control field: OSt

005 - DATE AND TIME OF LATEST TRANSACTION

  • control field: 20221122155153.0

008 - FIXED-LENGTH DATA ELEMENTS

  • fixed length control field: 221122|| aca||aabn | a|a d

040 ## - CATALOGING SOURCE

  • Original cataloging agency: OSt
  • Transcribing agency: OSt

150 ## - HEADING--TOPICAL TERM

  • Topical term or geographic name entry element: Hardware description language

670 ## - SOURCE DATA FOUND

  • Source citation: Work cat.: (OSt)194613: Harris, David Money. 63250, Digital design and computer architecture /, 2013.